000 00574nam a2200169 a 4500
001 000045621
005 20201002052342.0
008 150417s2015 dr 000 0 spa d
040 _aDO-SdBNP
_bspa
_cBNPHU
082 _axxxx
_bxxxx
100 1 _aGómez, José
_973548
245 1 3 _aEl arrebatamiento :
_bespéralo muy pronto /
_cJosé Mercedes Gómez.
260 _aSanto Domingo :
_bJM Publicidad,
_c2015.
500 _aLa biblioteca posee 3 ejemplares autografiado por el autor.
500 _aIncluye datos del autor en la contracubierta
590 _aInventariado, 2019/BT
999 _c45110
_d45110